| 000 | 01183nam a2200289Ia 4500 | ||
|---|---|---|---|
| 008 | 130821s2006 ck gr spa | ||
| 020 | _a9789586952569 | ||
| 040 |
_aCo-BoUCM _bspa |
||
| 041 | 0 | 0 | _aspa |
| 245 | 0 | 0 |
_aIdentidades culturales y formación del Estado en Colombia colonización, naturaleza y cultura _cIngrid Johanna Bolívar R., editora ; Julio Arias Vanegas ...[et al.] |
| 260 |
_aBogotá (Colombia) _bEdiciones Uniandes _c2006 |
||
| 300 | _a266 páginas | ||
| 504 | _aIncluye bibliografía. | ||
| 650 | 0 | 4 |
_aCultura política _912406 |
| 650 | 0 | 4 |
_aCultura _912390 |
| 650 | 0 | 4 |
_aEstado _97594 |
| 650 | 0 | 4 |
_aIdentidad cultural _917117 |
| 650 | 0 | 4 |
_aPolítica y cultura _922030 |
| 650 | 0 | 4 |
_aSociología _9386 |
| 700 | 1 |
_aArias Vanegas, Julio _9165875 |
|
| 700 | 1 |
_aBolívar R., Íngrid Johanna _eed. _9165876 |
|
| 700 | 1 |
_aRuiz Serna, Daniel _9165877 |
|
| 700 | 1 |
_aVásquez, María de la Luz _9165878 |
|
| 710 | 2 |
_aUniversidad de los Andes. _bFacultad de Ciencias Sociales. _bDepartamento de Ciencia Política. _bCentro de Estudios Socioculturales e Internacionales _9165879 |
|
| 942 |
_cLIBRO _a5 _e1 _mI195 _2DEWEY _h306.2 |
||
| 999 |
_c63740 _d63740 |
||